书目信息 |
| 题名: |
化学工程
|
|
| 作者: | 库尔森 , 理查森 , Backhurst, 著 | |
| 分册: | 第1卷A 流体流动 | |
| 出版信息: | 大连 大连理工大学出版社 2008.06 |
|
| 页数: | 14, 541页 | |
| 开本: | 26cm | |
| 丛书名: | ||
| 单 册: | ||
| 中图分类: | TQ02 | |
| 科图分类: | ||
| 主题词: | 化学工程--hua xue gong cheng--英文 , 传热--chuan re--化学过程--英文 | |
| 电子资源: | ||
| ISBN: | 978-7-5611-4155-7 | |
| 000 | 01264nam0 2200313 450 | |
| 001 | 012009231007 | |
| 005 | 20091028100939.55 | |
| 010 | @a978-7-5611-4155-7@dCNY90.00 | |
| 100 | @a20091028d2008 em y0chiy0120 ea | |
| 101 | 0 | @aeng |
| 102 | @aCN@b210000 | |
| 105 | @aak z 000yy | |
| 106 | @ar | |
| 200 | 1 | @a化学工程@Ahua xue gong cheng@i流体流动@h第1卷A@d= Chemical engineering@iFluid flow@hVolume 1A@fJ. M. Coulson ... [等]@FJ.M.Coulson...[deng]@zeng |
| 210 | @a大连@c大连理工大学出版社@d2008.06 | |
| 215 | @a14, 541页@c图@d26cm | |
| 304 | @a题名页题 : J. M. Coulson, J. F. Richardson, J. R. Backhurst, J. H. Harker | |
| 314 | @a责任者Coulson, Richardson规范汉译姓 : 库尔森, 理查森 | |
| 330 | @a本书的目的是给学生们系统提供化学工程的基本原理。化学工程操作机理的物理基础构成了化学工程技术的主要特点。 | |
| 510 | 1 | @aChemical engineering@iFluid flow@hVolume 1A@zeng |
| 517 | 1 | @a流体流动@Aliu ti liu dong |
| 606 | 0 | @a化学工程@Ahua xue gong cheng@x英文 |
| 606 | 0 | @a传热@Achuan re@x化学过程@x英文 |
| 690 | @aTQ02@v4 | |
| 701 | 1 | @a库尔森@Aku er sen@g(Coulson, J. M.)@4著 |
| 701 | 1 | @a理查森@Ali cha sen@g(Richardson, J. F.)@4著 |
| 701 | 1 | @aBackhurst,@bJ. R.@4著 |
| 801 | 0 | @aCN@bQSSK@c20091028 |
| 905 | @b764881-82@dTQ02@eK826:1(1)@f2 | |
| 化学工程.流体流动.第1卷A= Chemical engineering.Fluid flow.Volume 1A/J. M. Coulson ... [等].-大连:大连理工大学出版社,2008.06 |
| 14, 541页:图;26cm |
| ISBN 978-7-5611-4155-7:CNY90.00 |
| 本书的目的是给学生们系统提供化学工程的基本原理。化学工程操作机理的物理基础构成了化学工程技术的主要特点。 |
| ● |
| 相关链接 |
|
|
|
正题名:化学工程
索取号:TQ02/K826:1(1)
 
预约/预借
| 序号 | 登录号 | 条形码 | 馆藏地/架位号 | 状态 | 备注 |
| 1 | 764881 | 207648811 | 期刊室512/501自科库 137排5列2层/ [索取号:TQ02/K826:1(1)] | 在馆 | |
| 2 | 764882 | 207648820 | 期刊室512/501自科库 137排5列2层/ [索取号:TQ02/K826:1(1)] | 在馆 |